000 00640nam a2200205 u 4500
005 20240228063916.0
008 080311s2006 r 000 0 eng d
020 _a1404265627
035 _aUPN01000154952
049 _aI
050 4 _aPZ76.3
_bS3.5
100 1 _aShea, Therese,
_d1978-
_933610
245 1 4 _aUna casa para el ratón /
_cTherese Shea ; tr. José María Obregón.
260 _aNew York :
_bLecturas del barrio,
_c2006.
300 _a8 p. :
_bprincipalmente il. col.
440 0 _aLecturas del barrio
650 0 _aAnimales
_vCuentos y leyendas
_9234
650 4 _aLibros y lectura para niños
_92290
905 _aInfantil
999 _c127068
_d127068